Psychotesty a jak v nich uspět

Enregistré dans:
Détails bibliographiques
Auteur principal: Maitland, Iain (Auteur)
Format: Livre
Langue:tchèque
Publié: Praha : Portál, 2004
Édition:1. vyd
Sujets:
Accès en ligne:OBSAH
Tags: Ajouter un tag
Pas de tags, Soyez le premier à ajouter un tag!

MARC

LEADER 00000nam a22000003a 4500
001 stu87220
005 20150617225628.7
008 040527s2004----xr------------------cze-d
020 |a 80-7178-837-6 
040 |a STU  |b slo 
041 0 |a cze 
044 |a xr 
080 |a 159.9.072 
100 1 |a Maitland, Iain  |4 aut 
245 1 |a Psychotesty a jak v nich uspět 
250 |a 1. vyd 
260 |a Praha :  |b Portál,  |c 2004 
300 |a 151 s 
650 7 |a psychológia  |2 stusub 
650 7 |a testy psychologické  |2 stusub 
856 4 |a https://sweb.mtf.stuba.sk/obsahy/psycho_testy_a_jak_v_nich_uspet_04  |u https://sweb.mtf.stuba.sk/obsahy/psycho_testy_a_jak_v_nich_uspet_04  |3 OBSAH 
996 |b 284M057674  |c M*11407-3  |l MMKN  |s A  |a 24  |w stu87220_0001 
996 |b 284M057675  |c M*11407-4  |l MMKN  |s A  |a 24  |w stu87220_0002 
996 |b 284M057676  |c M*11407-5  |l MMKN  |s A  |a 24  |w stu87220_0003 
996 |b 284M057672  |c M*11407-1  |l MMST  |s A  |a 24  |w stu87220_0004 
996 |b 284M057673  |c M*11407-2  |l MMKN  |s A  |a 24  |w stu87220_0005